000 00648nam a2200157Ia 4500
008 210719s2005 xx 000 0 und d
041 _aeng
082 _a658.8 AZIM
100 _aAZIZ (Shihabuddin Abdul)
245 _aMarket survey on the customer behaviour towords maruti 800 with reference to mandovi motors Mangalore city
260 _aMangalore
_bDepartment of Business Management St Aloysius College
_c2005
300 _a57
_bHB
650 _aProject Reports
650 _aProject Reports
906 _a800 ; behaviour ; city ; customer ; mandovi ; Mangalore ; Market ; maruti ; motors ; on ; reference ; survey ; the ; to ; towords ; with
999 _c215075
_d215075